Детальная геологическая съемка окрестностей с. Сухоложского
| Autor principal: | |
|---|---|
| Autor corporatiu: | |
| Idioma: | rus anglès |
| Publicat: |
Ленинград, Издание Геологического комитета, 1928
|
| Col·lecció: | Труды Геологического Комитета Новая серия Вып. 182 |
| Matèries: | |
| Format: | MixedMaterials Llibre |
| KOHA link: | https://koha.lib.tpu.ru/cgi-bin/koha/opac-detail.pl?biblionumber=328991 |
MARC
| LEADER | 00000nam0a2200000 4500 | ||
|---|---|---|---|
| 001 | 328991 | ||
| 005 | 20231102004122.0 | ||
| 035 | |a (RuTPU)RU\TPU\book\354731 | ||
| 090 | |a 328991 | ||
| 100 | |a 20170302d1928 k y0rusy50 ca | ||
| 101 | 0 | |a rus |a eng | |
| 102 | |a RU | ||
| 105 | |a a z 001zy | ||
| 200 | 1 | |a Детальная геологическая съемка окрестностей с. Сухоложского |f И. И. Горский |g СССР, Геологический комитет (Геолком) | |
| 210 | |a Ленинград |c Издание Геологического комитета |d 1928 | ||
| 215 | |a 54 с. |c ил., 1 карта, 2 табл. | ||
| 225 | 1 | |a Труды Геологического Комитета | |
| 225 | 1 | |a Новая серия |v Вып. 182 | |
| 320 | |a Библиогр.: с. 50-51 | ||
| 606 | 1 | |a Геологическая съемка |2 stltpush |3 (RuTPU)RU\TPU\subj\6039 |9 34003 | |
| 610 | 1 | |a библиотека М. А. Усова | |
| 610 | 1 | |a угленосные районы | |
| 610 | 1 | |a Средний Урал | |
| 610 | 1 | |a село Сухоложское | |
| 610 | 1 | |a обнажения | |
| 610 | 1 | |a геологические отложения | |
| 610 | 1 | |a тектоника | |
| 610 | 1 | |a полезные ископаемые | |
| 610 | 1 | |a каменный уголь | |
| 610 | 1 | |a известняки | |
| 610 | 1 | |a глины | |
| 610 | 1 | |a бутовый камень | |
| 675 | |a 550.8:528 |v 4 | ||
| 700 | 1 | |a Горский |b И. И. | |
| 712 | 0 | 1 | |a СССР |b Геологический комитет (Геолком) |c (1922-1930) |2 stltpush |3 (RuTPU)RU\TPU\col\18484 |
| 801 | 1 | |a RU |b 63413507 |c 20170302 | |
| 801 | 2 | |a RU |b 63413507 |c 20170322 |g RCR | |
| 942 | |c BK | ||